000 00664nam a2200265Ia 4500
005 20260121172851.0
008 008 260114s9999 xx 000 0 eng d
020 _a9783030779351
037 _aEBOOK
040 _aCRL
040 _beng
040 _cCRL
041 _2eng
041 _aeng
084 _qCRL
100 _aSuhas P. Wani, K.V. Raju, Tapas Bhattacharyya
_91093737
245 0 _aScaling-up Solutions for Farmers
260 _bSpringer
260 _bSpringer
260 _c2021
856 _uhttps://link.springer.com/openurl?genre=book&isbn=978-3-030-77935-1
942 _cEBOOK
999 _c1659479
_d1659479